Представление документа в формате RUSMARC

ПолеНазваниеЗначение
  Тип записи a
  Библиографический уровень a
001 Контрольный номер RU/CBS_UL/BASE/83621d8cd4164114926d9459b9d70b43
005 Дата корректировки 20251119170807.8
100 Данные общей обработки __
a Данные общей обработки 20251119 ||| 0rusy0189 ca
101 Язык документа 0_
a Язык текста rus
102 Страна публикации __
a Страна публикации RU
200 Заглавие и сведения об ответственности 1_
a Заглавие Великие врачи России
e Сведения, относящиеся к заглавию [русские врачи Н. И. Пирогов и А. Н. Бакулев]
f Первые сведения об ответственности Л. Рошаль
461 Уровень набора _0
1 2000
a Честь Отечества
463 Уровень физической единицы _0
1 2000
a № 11-12
v С. 19-21 : фото
1 2101
d 2025
1 001RU/CBS_UL/BASE/f8048c6acdba44848d1f02d5d12bd679
600 Персоналии _1
a Персоналии (Фамилия) Пирогов
b Персоналии (Имя, инициалы) Н. И.
600 Персоналии _1
a Персоналии (Фамилия) Бакулев
b Персоналии (Имя, инициалы) А. Н.
606 Тематические рубрики 0_
a Основная рубрика Пирогов, Николай Иванович (1810-1881)
606 Тематические рубрики 0_
a Основная рубрика Бакулев, Александр Николаевич (1890-1967)
610 Ключевые слова 0_
a Ключевые слова врачи
610 Ключевые слова 0_
a Ключевые слова русские врачи
610 Ключевые слова 0_
a Ключевые слова врачи русские
610 Ключевые слова 0_
a Ключевые слова советские врачи
610 Ключевые слова 0_
a Ключевые слова врачи советские
610 Ключевые слова 0_
a Ключевые слова хирурги
610 Ключевые слова 0_
a Ключевые слова врачи-хирурги
610 Ключевые слова 0_
a Ключевые слова основоположники советской сердечно-сосудистой хирургии
686 Индексы других классификаций __
2 Код системы rubbk
a Классификационный индекс
700 Автор _1
a Фамилия Рошаль
b Имя (инициалы) Л.
801 Источник записи _0
a Страна RU
b Организация МБУК ЦБС г. Ульяновска
c Дата составления 20251119
g Правила каталогизации RCR
801 Источник записи _1
a Страна RU
b Организация МБУК ЦБС г. Ульяновска
c Дата составления 20251119
g Правила каталогизации RCR
901 Тип документа __
t Тип документа b
w Контрольный № источника RU/CBS_UL/BASE/f8048c6acdba44848d1f02d5d12bd679
909 Создатель записи __
a Создатель записи lib2